| 000 | 01274nam a2200313Ia 4500 | ||
|---|---|---|---|
| 001 | H9960 | ||
| 003 | IT-RoPAU | ||
| 008 | 130308s9999 xx 000 0 und d | ||
| 040 | _aIT-RoPAU | ||
| 040 | _cIT-RoPAU | ||
| 041 | _aITALIANO | ||
| 100 | _aPilo Giuseppe Maria | ||
| 100 | _gCodice Aut. SPICS: 2562 | ||
| 245 | _aMarco Ricci | ||
| 245 | _bMarco Ricci | ||
| 250 | _a1a ed. | ||
| 260 | _a VENEZIA | ||
| 260 | _bAlfieri Edizioni D'Arte | ||
| 260 | _c1964 [1° Ed.:1964 - Ed.Ling.Originale:1964] | ||
| 300 | _a"340 p. (prefazione: 70; testo: 270 [pagine: 0-0])" | ||
| 500 | _a"Mostra Tenutasi nel palazzo sturm di Bassano del Grappa dal 1 settembre Alnovembre 1963. Introduzione a Marco Ricci. Caratteri di Marco Ricci. Regesto. Cataloghi. Precedenti. Marco Ricci: Dipinti a Olio, Tempere, Disegni, Acqueforti. 231 Illustrazioni con Scheda. Grandi Eredi ed Epigoni: Canaletto; Giuliano Giampiccoli; Davide Antonio Fossati; Joseph Goupy; Jean Baptisteclaude Chatelain; John Baptist Jackson; Francesco Guardi; Giambattista Piranesi. Bibliografia." | ||
| 650 | _aAUTORI/OPERE DI PITTURA | ||
| 650 | _eCodice materia Spics: 5207 | ||
| 700 | _aPallucchini Rodolfo | ||
| 700 | _gCodice Aut. SPICS: 2937 | ||
| 942 | _cBK | ||
| 957 | _71 | ||
| 999 |
_c91309 _d91309 |
||
| 999 | _g1 | ||